| 000 | 00482nam a2200181 a 4500 | ||
|---|---|---|---|
| 001 | 3597 | ||
| 003 | CDMR | ||
| 005 | 20131002173824.0 | ||
| 008 | 130130s1989||||||||||||||||||||||||||||d | ||
| 020 | _a0631168214 | ||
| 020 | _a0631155295 | ||
| 040 |
_aCDMR _bcat _cCDMR |
||
| 100 | 1 |
_aWyver, John _92565 |
|
| 245 | 1 | 4 |
_aThe moving image _b: an international History of film, television and video |
| 260 |
_aLondon _bBasil Blackwell |
||
| 260 |
_c1989 _bBFI Publishing |
||
| 942 |
_cMON _2udc |
||
| 999 |
_c3597 _d3597 |
||